| 000 | 00471nam a2200181Ia 4500 | ||
|---|---|---|---|
| 001 | 7628 | ||
| 005 | 20260306160509.0 | ||
| 008 | 260306t2025||||xx |||||||||||||| ||spa|| | ||
| 041 | _aESP | ||
| 082 |
_a352.40985 _bA41 |
||
| 100 |
_aAlfaro Linares, Jacinto, _eAUT |
||
| 245 | 0 |
_aTriple SIGA : _bSIAF-RP, SIGA-MEF y SEACE :marco teórico y práctico |
|
| 260 | _c2025 | ||
| 300 |
_a735 páginas : _c25 cm. |
||
| 650 | _aGEN | ||
| 654 | _aCAN | ||
| 942 |
_cLIB _dJUS _fJUS _2ddc _n |
||
| 999 |
_c7628 _d7628 |
||